Rock-A-Bye Stingo : (Record no. 7790)
[ view plain ]
| 000 -LEADER | |
|---|---|
| fixed length control field | 01199nam a22002537a 4500 |
| 001 - CONTROL NUMBER | |
| control field | 7790 |
| 003 - CONTROL NUMBER IDENTIFIER | |
| control field | FISKH |
| 005 - DATE AND TIME OF LATEST TRANSACTION | |
| control field | 20250806161237.0 |
| 008 - FIXED-LENGTH DATA ELEMENTS--GENERAL INFORMATION | |
| fixed length control field | 250806b cb ||||| |||| 00| 0 eng d |
| 020 ## - INTERNATIONAL STANDARD BOOK NUMBER | |
| International Standard Book Number | 9780007254163 |
| 040 ## - CATALOGING SOURCE | |
| Original cataloging agency | FISKH |
| Language of cataloging | eng |
| Transcribing agency | FISKH |
| Modifying agency | FISKH |
| 050 ## - LIBRARY OF CONGRESS CALL NUMBER | |
| Classification number | PZ7 |
| 100 ## - MAIN ENTRY--PERSONAL NAME | |
| Personal name | Chapman, Keith |
| 245 ## - TITLE STATEMENT | |
| Title | Rock-A-Bye Stingo : |
| Remainder of title | can cottonsocks send Stingo to sleep ? / |
| Statement of responsibility, etc. | Created by Keith Chapman |
| 260 ## - PUBLICATION, DISTRIBUTION, ETC. | |
| Place of publication, distribution, etc. | London : |
| Name of publisher, distributor, etc. | HarperCollins Children's Books , |
| Date of publication, distribution, etc. | 2007. |
| 300 ## - PHYSICAL DESCRIPTION | |
| Extent | 32 unnumbered pages : |
| Other physical details | color illustrations ; |
| Dimensions | 22 X22 cm . |
| 490 ## - SERIES STATEMENT | |
| Series statement | Fifi and the flowertots |
| 505 ## - FORMATTED CONTENTS NOTE | |
| Formatted contents note | K <br/> |
| 520 ## - SUMMARY, ETC. | |
| Summary, etc. | A new Fifi and the Flowertots read-to-me story, beautifully illustrated with photographic images and an activity to do afterwards!Stingo has stolen Fifi's favourite cuddly bunny, Cottonsocks!The problem is, Fifi can't sleep without him. Do you think Stingo will give him back or will Fifi's friends have to find a way to bribe the naughty wasp?Another beautifully illustrated Fifi and the Flowertots story featuring full colour images from the TV show. |
| 521 8# - TARGET AUDIENCE NOTE | |
| Target audience note | 510 <br/> |
| Source | Lexile estimate <br/> |
| 521 8# - TARGET AUDIENCE NOTE | |
| Target audience note | K <br/> |
| Source | Raz-Plus <br/> |
| 942 ## - ADDED ENTRY ELEMENTS (KOHA) | |
| Source of classification or shelving scheme | Dewey Decimal Classification |
| Koha item type | Books |
| Suppress in OPAC | No |
| Withdrawn status | Lost status | Source of classification or shelving scheme | Damaged status | Not for loan | Collection | Home library | Current library | Shelving location | Date acquired | Total Checkouts | Full call number | Barcode | Date last seen | Price effective from | Koha item type |
|---|---|---|---|---|---|---|---|---|---|---|---|---|---|---|---|
| Dewey Decimal Classification | Juvenile Fiction | Footprints International School Library Network Toul Tom Poung Campus | Footprints International School Library Network Toul Tom Poung Campus | TTP Primary Yellow Bookshelves | 08/06/2025 | CHA PZ7 | 2025-3841 | 08/06/2025 | 08/06/2025 | Books |
